Statistics for Halloween Word Chain

Click here to take the quiz!

General Stats

  • This quiz has been taken 33,007 times
  • The average score is 16 of 22

Answer Stats

ClueAnswer% Correct
Vampire's least favorite foodGarlic
94%
Woman with magical powersWitch
92%
Country where you might encounter
a mummy
Egypt
91%
Freddy's last nameKrueger
88%
TV family that was creepy and kookyAddams
87%
Region home to DraculaTransylvania
87%
Winged mammalBat
85%
Headless horseman's hometown:
Sleepy ______
Hollow
84%
Can only be killed with a silver bulletWerewolf
83%
Mad scientist with a hunchback assistantFrankenstein
81%
The day after Halloween:
All _______ Day
Saints
77%
Grim Reaper's weaponScythe
73%
Disease that affected CujoRabies
68%
Cauldron ingredient: Eye of ____Newt
66%
Burial placeTomb
65%
Movie about Norman BatesPsycho
63%
A cape with a hoodCloak
61%
Jack-o-lanterns were originally made
out of this vegetable
Turnip
61%
Horror movie franchise with
nine installments
Saw
60%
Synonym of spookyEerie
57%
Movie about an Antarctic
body snatcher: The _____
Thing
37%
Related to the supernaturalOccult
34%

Score Distribution

Percentile by Number Answered

Percent of People with Each Score

Your Score History

You have not taken this quiz